00851nam a2200253Ia 4500003000900000005001700009008004100026040001300067040001300080041000800093100002200101245006600123250001000189260001200199260000900211300001000220490002600230490000600256600008700262700002100349942001200370999001700382952019800399IT-RoPAU20220918175532.0120407s9999 xx 000 0 und d aIT-RoPAU cIT-RoPAU aita aT. Gregory934759 aStoria della Filosofia. Con testi e letture critiche. 3a. ed. aRoma  alaterza c1974 c21 cm acollezione scolastica v2 a" 1° v. a cura di F. Adorno, 547 p. 2° v. a cura di T. Gregory, 515 p."934760 aF. Adorno934761 cBK2ddc c17503d17503 00102ddc406109_33000000000000071aPAULUSbPAULUSd2012-04-11l0o109.33r2012-04-11 00:00:00w2012-04-11yBKzInserito da: Anna In data: 12 settembre 2011 fondo: Via A.Severo 56 Progr:33701